|
|
|
|
| LEADER |
00000n m0a2200000 4500 |
| 001 |
62189 |
| 005 |
20231101212005.0 |
| 010 |
|
|
|a 5060013162
|
| 035 |
|
|
|a (RuTPU)RU\TPU\book\65922
|
| 090 |
|
|
|a 62189
|
| 100 |
|
|
|a 20040406d1988 m y0rusy50 ca
|
| 101 |
0 |
|
|a eng
|
| 102 |
|
|
|a RU
|
| 105 |
|
|
|a y j 000zy
|
| 200 |
1 |
|
|a Английский язык
|e Книга для чтения
|e учебное пособие
|f Л. Н. Андрианова, Н. Ю. Багрова, Э. В. Ершова
|
| 205 |
|
|
|a 5-е изд., испр. и доп.
|
| 210 |
|
|
|a Москва
|c Высшая школа
|d 1988
|
| 215 |
|
|
|a 95 с.
|
| 606 |
|
|
|a Английский язык
|x Учебные руководства и пособия
|x Книги для чтения по различным специальностям. Технические хрестоматии
|2 stltpush
|3 (RuTPU)RU\TPU\subj\29076
|9 52488
|
| 610 |
1 |
|
|a хрестоматии
|
| 610 |
1 |
|
|a тексты
|
| 610 |
1 |
|
|a учебные пособия
|
| 686 |
|
|
|a Ш143.21-923.81
|v LBC/SL-A
|2 rubbk
|
| 700 |
|
1 |
|a Андрианова
|b Л. Н.
|g Людмила Николаевна
|
| 701 |
|
1 |
|a Багрова
|b Н. Ю.
|g Наталья Юрьевна
|
| 701 |
|
1 |
|a Ершова
|b Э. В.
|g Элеонора Вилисовна
|
| 801 |
|
1 |
|a RU
|b 63413507
|c 20040406
|g PSBO
|
| 801 |
|
2 |
|a RU
|b 63413507
|c 20171012
|g PSBO
|
| 942 |
|
|
|c BK
|